00324 a2200121 450000100060000010000050000624500240001126000240003509000170005994200230007699900190009995200840011848029 a aMafhum Quran Majeed aRawalpindibG H Qc c31017d31017 aNUST-CAEcMc23356 c283102d283102 001040708NFICaCAEbCAEd2017-04-03l0pCAE44645r2017-04-05w2017-04-05yBK